Fundamentals of physics /
Na minha lista:
| Main Authors: | , , |
|---|---|
| Formato: | Livro |
| Idioma: | inglês |
| Publicado em: |
New York :
John Wiley & Sons,
2005
|
| Edição: | 7th ed |
| Assuntos: | |
| Tags: |
Sem tags, seja o primeiro a adicionar uma tag!
|
MARC
| LEADER | 00000nam a22000003a 4500 | ||
|---|---|---|---|
| 001 | stu117068 | ||
| 005 | 20190206124548.8 | ||
| 008 | 060428s2005----xxu-----------------eng-d | ||
| 020 | |a 0-471-23231-9 | ||
| 040 | |a STU |b slo | ||
| 041 | 0 | |a eng | |
| 044 | |a xxu | ||
| 080 | |a 53 |7 stu_us_auth*stu7966 | ||
| 100 | 1 | |a Halliday, David |4 aut | |
| 245 | 1 | |a Fundamentals of physics / |c [aut.] Halliday,David; Resnick,Robert | |
| 250 | |a 7th ed | ||
| 260 | |a New York : |b John Wiley & Sons, |c 2005 | ||
| 300 | |a 1247 s |c príl | ||
| 650 | 7 | |a fyzika |2 stusub | |
| 650 | 7 | |a základy fyziky |2 stusub | |
| 700 | 1 | |a Resnick, Robert |4 aut | |
| 700 | 1 | |a Walker, Jearl |4 aut | |
| 996 | |b 284M072921 |c M*11906-1 |l MMKN |s A |a 24 |w stu117068_0001 | ||